| 000 | 01207nam a22002057a 4500 | ||
|---|---|---|---|
| 005 | 20241011142940.0 | ||
| 008 | 230707b ||||| |||| 00| 0 eng d | ||
| 040 |
_cSSBUL _dSSBUL |
||
| 082 |
_223 _a၂၉၄.၃၄၃၅ စော _b၁၅၁၄၈ (S-KM) |
||
| 100 | 0 |
_aစောမြင့်၊ _cဦး။ _927588 |
|
| 245 | 1 | 0 |
_aစစ်ကိုင်းမြို့ရာဇမဏိစူဠာ ကောင်းမှုတော်စေတီတော်ကြီး၏ သမိုင်း / _cဦးစောမြင့်။ |
| 250 | _aတတိယအကြိမ်။ | ||
| 264 |
_aမန္တလေး ၊ _bသုခဝတီပိဋကစာပုံနှိပ်တိုက် ၊ _c၁၉၉၅။ _c၁၉၉၇။ |
||
| 300 |
_a၉၆ စာမျက်နှာ၊ _bဓာတ်ပုံများ၊ _c၁၈ စင်တီ။ |
||
| 500 | _a S-KM: Ashin Khemacara (Hsipaw) S-SAT: Dr. Sai Aung Tun | ||
| 650 |
_aစေတီပုထိုး _xစစ်ကိုင်း။ _927589 |
||
| 650 |
_aကောင်းမှုတော်စေတီ _xသမိုင်း။ _927590 |
||
| 650 |
_aဘုရားသမိုင်း။ _98832 |
||
| 942 |
_2ddc _cBK1 |
||
| 999 |
_c26920 _d26920 |
||